[Event "FRA-ch Youth U12 2018"]
[Site "Agen"]
[Date "2018.04.16"]
[Round "2"]
[White "Razafindratsima, Timothe"]
[Black "Belgouzia, Emir"]
[Result "1-0"]
[WhiteElo "2146"]
[BlackElo "1578"]
[Annotator "TA"]
[PlyCount "49"]
[EventDate "2018.??.??"]
[EventType "swiss"]
[EventCountry "FRA"]
[SourceTitle "playchess.com"]
[Source "ChessBase"]
[SourceQuality "1"]

{[%evp 18,49,0,1,27,22,183,180,241,250,249,249,295,303,302,302,298,296,301,270,586,579,688,677,689,692,689,677,648,657,840,851,790,788]} 1. e4 c5 2. Nf3 Nc6 3. Bb5 g6 4. O-O Bg7 5. c3 Nf6 6. Qe2 O-O 7. d4 cxd4 8. cxd4 d5 9. e5 Ne4 10. Be3 {LiveBook: 18 Games. B31: Sicilian: 2...Nc6 3 Bb5 g6} (10. Nc3 Bg4 11. Bxc6 Nxc3 12. bxc3 bxc6 13. Ba3 Re8 14. h3 Bxf3 15. Qxf3 Qd7 16. Qe2 Rab8 17. Bc5 e6 18. h4 {½-½ (30) Nevednichy,V (2562)-Deac,B (2497) Olanesti 2016}) 10... Bg4 11. h3 Bxf3 $146 (11... Bd7 $11) ({Find the theoretical novelty and annotate with similar games:} 11... Bf5 12. Nc3 Nxc3 13. bxc3 Rc8 14. Nh4 Bd7 15. Rab1 Na5 16. Bxd7 Qxd7 17. Qb5 Qd8 {0-1 (63) Tyutyunnik,R (1841)-Bancevich,S (2236) LSS email 2007}) 12. gxf3 $18 {[%cal Bg2f3,Bf3f4][%mdl 32] White is clearly better.} Nxd4 (12... Nd6 $142) 13. Bxd4 Ng5 {[#]} 14. Be3 $1 {[%cal Re3g5,Bd4e3,Be3d2,Bd2b4][%mdl 32]} e6 15. f4 Ne4 16. Nd2 Nxd2 17. Bxd2 Rc8 18. Bb4 Re8 $2 (18... Qb6 {is a better chance.} 19. Bxf8 Rxf8) 19. Bxe8 {White is clearly winning.} Rc4 20. Bd2 Qxe8 21. Rac1 Re4 22. Qf3 Bf8 23. Rc7 Qb5 24. Rc8 {And now Qa3 would win.} Kg7 {[#]} 25. f5 $1 1-0

[Event "FRA-ch Youth U12 2018"]
[Site "Agen"]
[Date "2018.04.16"]
[Round "2"]
[White "Droin, Augustin"]
[Black "Maret, Simon"]
[Result "1-0"]
[WhiteElo "1975"]
[BlackElo "1577"]
[Annotator "NA RC"]
[PlyCount "52"]
[EventDate "2018.??.??"]
[EventType "swiss"]
[EventCountry "FRA"]
[SourceTitle "playchess.com"]
[Source "ChessBase"]
[SourceQuality "1"]
[TimeControl "5400+30"]

{[%evp 17,52,73,48,61,56,49,55,32767,32767,32767,32767,32767,32767,58,64,61,525,116,634,590,32767,32767,32767,32767,32767,850,32767,897,1772,1965,2139,700,2219,32767,4175,29976,29991]} 1. e4 {[%emt 0:00:00]} e5 {[%emt 0:00:01]} 2. Nf3 {[%emt 0:00:00]} Nc6 {[%emt 0:00:02]} 3. Bc4 {[%emt 0:00:00]} Bc5 {[%emt 0:00:08]} 4. b4 {[%emt 0:00:26]} Bb6 {[%emt 0:00:24]} 5. b5 {[%emt 0:10:31]} Nd4 {[%emt 0:01:57] C51: Evans Gambit: Declined and Accepted without 5...Ba5} 6. Nxd4 {[%emt 0:00:30]} Bxd4 {[%emt 0:06:51]} 7. c3 {[%emt 0:00:07]} Bb6 {[%emt 0:00:28]} 8. O-O {[%emt 0:01:14]} (8. d4 Qe7 9. O-O Nf6 10. a4 a5 11. bxa6 bxa6 12. a5 Ba7 13. f4 {1-0 (69) Ganguly,S (2619)-Aronian,L (2815) Dubai 2014}) 8... d6 {[%emt 0:04:11]} 9. a4 $146 {[%emt 0:06:31]} ({Predecessor:} 9. Qb3 Qe7 10. d4 Be6 11. a4 exd4 12. a5 Bc5 13. b6 axb6 14. cxd4 Bxd4 {0-1 (42) Mac Donal,O (2015)-Salas Arros,C (2418) San Luis 2007}) 9... c6 {[%emt 0:07:26]} 10. Qb3 {[%emt 0:06:14]} Qe7 {[%emt 0:12:00]} 11. a5 {[%emt 0:00:40]} Bc7 {[%emt 0:01:00]} 12. Ba3 {[%emt 0:03:02]} Be6 {[%emt 0:10:04]} 13. b6 {[%emt 0:00:35]} Bxc4 {[%emt 0:03:46]} 14. Qxc4 {[%emt 0:01:24]} Bb8 {[%emt 0:00:32]} 15. d4 {[%emt 0:04:29]} Nf6 {[%emt 0:03:36]} 16. dxe5 {[%emt 0:00:58]} Qxe5 $2 {[%emt 0:01:54] [#]} (16... Ng4 $16) 17. a6 $2 {[%emt 0:00:11]} (17. Qxc6+ $1 $18 {[%mdl 512] and the rest is easy.} bxc6 18. b7) 17... Qe7 $2 {[%emt 0:08:01] [#]} (17... Ng4 18. g3 Qe7 19. Qxc6+ bxc6) 18. e5 $1 {[%emt 0:00:05]} Nd5 {[%emt 0:02:28]} 19. exd6 {[%emt 0:02:26]} Qd7 {[%emt 0:01:01]} 20. Re1+ {[%emt 0:00:24]} Kd8 {[%emt 0:00:20]} 21. Qh4+ {[%emt 0:01:21]} Kc8 {[%emt 0:00:31]} 22. c4 {[%emt 0:01:19]} Re8 {[%emt 0:00:41]} 23. Rxe8+ {[%emt 0:01:09]} Qxe8 {[%emt 0:00:16]} 24. Qg4+ {[%emt 0:00:02]} (24. Qh3+ $142 Kd8 25. Nc3) 24... Kd8 {[%emt 0:00:24]} 25. Nd2 {[%emt 0:00:06]} Nf6 {[%emt 0:01:00]} 26. axb7 {[%emt 0:01:10]} Qd7 1-0

[Event "FRA-ch Youth U12 2018"]
[Site "Agen"]
[Date "2018.04.16"]
[Round "2"]
[White "Berezovsky, Fiorina"]
[Black "Collongues, Jade"]
[Result "1-0"]
[WhiteElo "1678"]
[BlackElo "1227"]
[Annotator "NA RC"]
[PlyCount "99"]
[EventDate "2018.??.??"]
[EventType "swiss"]
[EventCountry "FRA"]
[SourceTitle "playchess.com"]
[Source "ChessBase"]
[SourceQuality "1"]
[TimeControl "5400+30"]

1. e4 {[%emt 0:00:34]} e5 {[%emt 0:00:20]} 2. Nf3 {[%emt 0:01:09]} Nc6 {[%emt 0:00:26]} 3. Bc4 {[%emt 0:00:44]} Bc5 {[%emt 0:00:36]} 4. O-O {[%emt 0:01:34]} Nf6 {[%emt 0:01:05]} 5. d3 {[%emt 0:00:55]} O-O {[%emt 0:01:25]} 6. c3 {[%emt 0:01:14]} d6 {[%emt 0:01:54]} 7. a4 {[%emt 0:02:07]} a6 {[%emt 0:01:01]} 8. b4 {[%emt 0:01:32]} Ba7 {[%emt 0:00:21]} 9. Bg5 {[%emt 0:02:12]} Be6 {[%emt 0:03:21]} 10. Nbd2 {[%emt 0:02:27]} h6 {[%emt 0:03:51]} 11. Bh4 {[%emt 0:01:37]} Qe7 {[%emt 0:02:39]} 12. Bd5 {[%emt 0:09:29]} Rab8 {[%emt 0:05:57]} 13. Qe2 {[%emt 0:11:44]} Bd7 {[%emt 0:08:36]} 14. b5 {[%emt 0:03:30]} Nd8 {[%emt 0:03:19]} 15. d4 {[%emt 0:04:07]} a5 {[%emt 0:04:43]} 16. dxe5 {[%emt 0:02:28]} dxe5 {[%emt 0:00:56]} 17. Bg3 {[%emt 0:02:19]} Bg4 {[%emt 0:02:37]} 18. h3 {[%emt 0:01:46]} Bxf3 {[%emt 0:00:19]} 19. Nxf3 {[%emt 0:00:24]} Nh5 {[%emt 0:01:28]} 20. Bxe5 {[%emt 0:01:26]} Ne6 {[%emt 0:05:17]} 21. Qc4 {[%emt 0:04:35]} Bb6 {[%emt 0:04:35]} 22. Rad1 {[%emt 0:05:07]} Rfd8 {[%emt 0:02:58]} 23. Nd4 {[%emt 0:04:39]} Nxd4 {[%emt 0:02:47]} 24. cxd4 {[%emt 0:02:00]} Rd7 {[%emt 0:02:02]} 25. Rfe1 {[%emt 0:04:30]} Nf6 {[%emt 0:03:22]} 26. Bxf6 {[%emt 0:02:31]} gxf6 {[%emt 0:00:12]} 27. e5 {[%emt 0:02:24]} fxe5 {[%emt 0:01:51]} 28. Rxe5 {[%emt 0:02:04]} Qb4 {[%emt 0:02:32]} 29. Qe2 {[%emt 0:05:37]} Rdd8 {[%emt 0:04:31]} 30. Qg4+ {[%emt 0:02:05]} Kf8 {[%emt 0:01:07]} 31. Qh5 {[%emt 0:00:41]} Rxd5 {[%emt 0:03:06]} 32. Qxh6+ {[%emt 0:00:58]} Kg8 {[%emt 0:00:21]} 33. Rxd5 {[%emt 0:00:26]} Qe7 {[%emt 0:01:33]} 34. Rg5+ {[%emt 0:00:39]} Qxg5 {[%emt 0:00:15]} 35. Qxg5+ {[%emt 0:00:06]} Kf8 {[%emt 0:00:12]} 36. Re1 {[%emt 0:00:28]} Bxd4 {[%emt 0:01:29]} 37. Re4 {[%emt 0:00:58]} Bc3 {[%emt 0:01:28]} 38. Qc5+ {[%emt 0:00:25]} Kg8 {[%emt 0:00:39]} 39. Rg4+ {[%emt 0:00:21]} Bg7 {[%emt 0:00:09]} 40. Qg5 {[%emt 0:00:04]} Kf8 {[%emt 0:00:30]} 41. Qxg7+ {[%emt 0:00:06]} Ke7 {[%emt 0:00:22]} 42. Re4+ {[%emt 0:00:10]} Kd7 {[%emt 0:00:17]} 43. Qxf7+ {[%emt 0:00:07]} Kd6 {[%emt 0:00:24]} 44. Qe6+ {[%emt 0:00:08]} Kc5 {[%emt 0:00:11]} 45. Re5+ {[%emt 0:00:07]} Kb4 {[%emt 0:00:23]} 46. Qg4+ {[%emt 0:00:07]} Kb3 {[%emt 0:00:40]} 47. Re3+ {[%emt 0:00:06]} Kb2 {[%emt 0:00:23]} 48. Qe2+ {[%emt 0:00:05]} Kb1 {[%emt 0:00:27]} 49. Qd2 {[%emt 0:00:18]} Ka1 {[%emt 0:00:07]} 50. Re1# {[%emt 0:00:05]} 1-0

[Event "FRA-ch Youth U12 2018"]
[Site "Agen"]
[Date "2018.04.16"]
[Round "2"]
[White "Delestre, Anatole"]
[Black "Maurizzi, Marc Andria"]
[Result "0-1"]
[WhiteElo "1578"]
[BlackElo "2119"]
[Annotator "TA"]
[PlyCount "98"]
[EventDate "2018.??.??"]
[EventType "swiss"]
[EventCountry "FRA"]
[SourceTitle "playchess.com"]
[Source "ChessBase"]
[SourceQuality "1"]

{[%evp 18,98,36,39,75,-31,59,57,64,57,61,58,208,167,176,103,99,83,98,102,79,-36,-37,-55,-39,-64,-55,-65,-8,-10,-29,0,0,-54,13,0,0,-8,-2,-143,-133,-125,-125,-131,-104,-211,-183,-185,-112,-110,-112,-112,-82,-156,-37,-37,-37,-62,-62,-253,-217,-343,-339,-192,-8,-8,-8,-8,-8,-8,-7,-8,-8,-8,-8,-8,-8,-8,-8,-99,-99,-99,-99]} 1. d4 Nf6 2. c4 e6 3. Nc3 Bb4 4. Qc2 O-O 5. a3 Bxc3+ 6. Qxc3 d5 7. Bg5 {[%cal Bc1g5,Bg5h4,Bh4g3][%mdl 32]} h6 {E36: Nimzo-Indian: Classical: 4...d5 5 a3} 8. Bh4 (8. Bxf6 Qxf6 9. Nf3 c6 10. g3 Nd7 11. Bh3 b6 12. cxd5 cxd5 13. Qc6 Rb8 14. O-O Rd8 15. Rfc1 {½-½ (24) Mamedyarov,S (2809)-Aronian,L (2794) Berlin 2018}) 8... g5 9. Bg3 Ne4 10. Qc2 {LiveBook: 3 Games} Nc6 11. O-O-O $146 {[#]} (11. e3 $16) ({Predecessor:} 11. e3 f5 12. f3 Nxg3 13. hxg3 Qf6 14. Ne2 Bd7 15. Nc3 {1-0 (37) Krush,I (2467)-Tavares,S (2218) Caleta 2012}) 11... f5 (11... e5 $1 $15 {[%mdl 512]} 12. e3 (12. dxe5 Bf5) 12... Bf5) 12. f3 Nxg3 13. hxg3 Qf6 14. e3 $1 f4 (14... Ne7 $14) 15. gxf4 $18 gxf4 16. Qf2 (16. Bd3 $1 $18) 16... Na5 $16 17. c5 b6 18. cxb6 axb6 19. Ne2 ({White should play} 19. Bd3 $16) 19... Qg6 $15 {[%cal Ra5b3]} 20. b4 fxe3 $40 {[%mdl 128] Black attacks.} 21. Qg3 $1 {[%cal Rg3g6]} Qxg3 22. Nxg3 Nc4 (22... Nb3+ $1 $15 23. Kb2 Nd2) 23. Bxc4 $1 $11 dxc4 24. Kb2 Bb7 25. Rxh6 {[#]} (25. Rc1 $11) 25... Bd5 (25... c3+ $1 $15 {[%mdl 512]} 26. Kc2 (26. Kxc3 Rxa3+) 26... Rxa3) 26. Rc1 c5 27. dxc5 bxc5 28. Rc3 (28. bxc5 $11 {remains equal.} Rfb8+ 29. Kc3) 28... cxb4 29. axb4 Rfb8 $1 {[%cal Rb8b4]} 30. Rxe3 Rxb4+ 31. Kc2 (31. Kc3 $17 Rb3+ 32. Kd4) 31... Ra2+ $19 32. Kc1 Rxg2 (32... Rbb2 $1 $19 {[%cal Rb2g2]} 33. Ne4 Rxg2) 33. Ne2 $17 Ra4 34. Kb1 Kg7 35. Rh3 (35. Rh5 $142) 35... Ra8 (35... Rb4+ $17 36. Kc1 Rf2) 36. Rg3+ $15 Rxg3 37. Nxg3 {[%mdl 4096] Endgame KRB-KRN} Rf8 {[#]} 38. Ne4 $2 {[#]} (38. f4 $1 $15 {[%mdl 512]}) 38... Rxf3 $1 $19 {[%mdl 512]} 39. Re2 (39. Re1 $142) (39. Rxf3 Bxe4+) 39... Kg6 40. Kc2 (40. Nd2 $142 Rh3 41. Ne4) 40... Bxe4+ $2 (40... Kf5 $19 41. Nc5 Rg3) 41. Rxe4 {KR-KR} Kf5 42. Rxc4 e5 {With the idea ...Rf4.} 43. Kd2 Rf4 44. Rc5 Ra4 45. Ke3 Ra3+ 46. Ke2 Kf4 47. Rc4+ e4 {And now ...Ra2+ would win.} 48. Rc8 (48. Rc2 $11 {keeps the balance.}) 48... Ra2+ $17 49. Ke1 {[#]} Kf3 $1 {Precision: White = 29%, Black = 38%.} 0-1

[Event "FRA-ch Youth U12 2018"]
[Site "Agen"]
[Date "2018.04.16"]
[Round "2"]
[White "Bekkari, Nassim"]
[Black "Bat, Bilguun"]
[Result "0-1"]
[WhiteElo "1544"]
[BlackElo "1951"]
[Annotator "NA RC"]
[PlyCount "84"]
[EventDate "2018.??.??"]
[EventType "swiss"]
[EventCountry "FRA"]
[SourceTitle "playchess.com"]
[Source "ChessBase"]
[SourceQuality "1"]
[TimeControl "5400+30"]

{[%evp 19,84,-33,8,0,8,-18,-41,-48,32767,32767,32767,32767,32767,32767,32767,-159,32767,32767,32767,32767,-171,-176,0,-164,-148,32767,32767,32767,32767,32767,32767,32767,-77,-67,33,32767,32767,32767,32767,32767,39,-83,10,-257,54,45,62,0,32767,32767,0,0,0,-409,-240,32767,-152,-232,-183,-818,-1020,-1113,-1216,-1163,-1249,-1247,-1338]} 1. e4 {[%emt 0:00:00]} c5 {[%emt 0:09:03]} 2. Nf3 {[%emt 0:01:01]} d6 {[%emt 0:00:10]} 3. d3 {[%emt 0:00:10]} Nc6 4. g3 g6 {[%emt 0:01:16]} 5. Bg2 {[%emt 0:01:01]} Bg7 {[%emt 0:00:07]} 6. O-O {[%emt 0:00:24]} e6 {[%emt 0:00:16]} 7. Re1 {[%emt 0:00:27]} Nge7 {[%emt 0:00:25]} 8. c3 {[%emt 0:00:26]} e5 {[%emt 0:00:23]} 9. Nbd2 {[%emt 0:00:33]} O-O {[%emt 0:00:19]} 10. Nb3 {[%emt 0:06:27] A04: Unusual lines after 1 Nf3 and King's Indian Attack} Be6 $146 {[%emt 0:01:25]} ({Find the theoretical novelty and annotate with similar games:} 10... Rb8 11. d4 exd4 12. cxd4 c4 13. Nbd2 b5 14. a3 d5 15. e5 Qb6 16. Nf1 Bg4 {0-1 (33) Nguyen,M (2160)-Nguyen,N (2592) Ho Chi Minh City 2009}) 11. Be3 {[%emt 0:05:21]} Bg4 {[%emt 0:13:47]} 12. Qd2 {[%emt 0:09:00]} f5 {[%emt 0:02:58]} 13. Ng5 {[%emt 0:04:52]} f4 {[%emt 0:02:12]} 14. gxf4 {[%emt 0:00:54]} h6 {[%emt 0:04:37]} 15. Nh3 {[%emt 0:04:20]} Qc8 {[%emt 0:04:22]} 16. f5 {[%emt 0:01:43]} gxf5 {[%emt 0:01:15]} 17. Bxh6 $2 {[%emt 0:00:08]} (17. f3 $1 $11) 17... f4 {[%emt 0:00:25]} 18. Bxg7 {[%emt 0:00:28]} Kxg7 {[%emt 0:00:24]} 19. Ng5 {[%emt 0:00:40]} Ng6 {[%emt 0:02:12]} 20. f3 {[%emt 0:35:49] [#]} Qd8 $2 {[%emt 0:02:45]} (20... Bd7 $1 $19 21. d4 c4) 21. Nh3 $2 {[%emt 0:00:54]} (21. Bh3 $1 $11 {and White is okay.}) 21... Be6 {[%emt 0:01:16]} 22. Nf2 {[%emt 0:17:43]} Rh8 {[%emt 0:01:12]} 23. h3 {[%emt 0:00:56]} Qg5 {[%emt 0:03:03]} 24. Ng4 {[%emt 0:00:26]} Rh4 {[%emt 0:05:52]} 25. Kf2 {[%emt 0:01:47]} Rf8 {[%emt 0:04:46]} 26. Rh1 {[%emt 0:01:09]} Bxg4 {[%emt 0:01:05]} (26... Qd8 $15) 27. hxg4 {[%emt 0:01:32]} Rfh8 {[%emt 0:00:15]} 28. Qe2 {[%emt 0:01:56]} R8h6 {[%emt 0:04:38]} 29. Rab1 {[%emt 0:00:29]} Qd8 {[%emt 0:00:33]} 30. Rbc1 {[%emt 0:02:00] [#]} (30. Rbg1 $11 {remains equal.}) 30... a5 {[%emt 0:00:33]} (30... Qb6 $1 $17 31. Rxh4 Nxh4) 31. a4 $2 {[%emt 0:00:52] [#]} (31. Rcg1 $1 $11 {and White is okay.}) 31... Qh8 $2 {[%emt 0:01:51]} (31... c4 $1 $19 {[%mdl 512]} 32. dxc4 Qb6+ 33. c5 Qxb3 34. Rxh4 Nxh4) 32. Rxh4 {[%emt 0:00:22]} Rxh4 {[%emt 0:00:16]} 33. Rg1 {[%emt 0:00:24]} Qd8 {[%emt 0:01:31]} 34. Qc2 {[%emt 0:00:29]} Rh2 {[%emt 0:01:41]} 35. Kf1 {[%emt 0:00:42]} Nh4 {[%emt 0:00:52]} ({Black should try} 35... Qh8 $15) 36. Qd1 $2 {[%emt 0:00:37]} (36. Qf2 $1 $11 {and White is okay.}) 36... Nxg2 {[%emt 0:00:48]} (36... Qb6 $142 37. d4 exd4 38. cxd4 c4 39. Nxa5 Qxa5) 37. Rxg2 {[%emt 0:00:09] [#]} Rh1+ $1 {[%emt 0:00:18]} 38. Rg1 {[%emt 0:00:04]} Qh4 {[%emt 0:00:09]} 39. Qe2 $2 {[%emt 0:00:26]} (39. Rxh1 Qxh1+ 40. Ke2 Qg2+ 41. Ke1 Qxb2 42. Nd2) 39... Rh2 {[%emt 0:00:43]} 40. Rg2 {[%emt 0:01:51] [#]} Qh3 $1 {[%emt 0:00:32]} 41. Qf2 {[%emt 0:00:05]} Ne7 {[%emt 0:00:28]} 42. Nd2 {[%emt 0:01:50]} Ng6 $19 {[%emt 0:00:18]} 0-1

[Event "FRA-ch Youth U12 2018"]
[Site "Agen"]
[Date "2018.04.16"]
[Round "2"]
[White "Bousmaha, Leila"]
[Black "Schulz, Helene"]
[Result "1-0"]
[WhiteElo "1538"]
[BlackElo "1226"]
[Annotator "NA"]
[PlyCount "57"]
[EventDate "2018.??.??"]
[EventType "swiss"]
[EventCountry "FRA"]
[SourceTitle "playchess.com"]
[Source "ChessBase"]
[SourceQuality "1"]
[TimeControl "5400+30"]

1. e4 {[%emt 0:00:00]} Nf6 {[%emt 0:00:11]} 2. e5 {[%emt 0:00:00]} Nd5 {[%emt 0:00:18]} 3. c4 {[%emt 0:00:16]} Nb6 {[%emt 0:00:24]} 4. d4 {[%emt 0:00:34]} d6 {[%emt 0:01:09]} 5. f4 {[%emt 0:00:36]} dxe5 {[%emt 0:00:28]} 6. fxe5 {[%emt 0:00:11]} c5 {[%emt 0:00:50]} 7. d5 {[%emt 0:01:15]} g6 {[%emt 0:00:40]} 8. Nc3 {[%emt 0:01:38]} Bg7 {[%emt 0:00:20]} 9. Bf4 {[%emt 0:01:47]} O-O {[%emt 0:00:44]} 10. Nf3 {[%emt 0:01:33]} Bg4 {[%emt 0:00:36]} 11. h3 {[%emt 0:01:11]} Bxf3 {[%emt 0:00:24]} 12. Qxf3 {[%emt 0:00:09]} N8d7 {[%emt 0:00:26]} 13. Qe3 {[%emt 0:00:50]} Qb8 {[%emt 0:00:36]} 14. e6 {[%emt 0:01:40]} Ne5 {[%emt 0:00:48]} 15. exf7+ {[%emt 0:02:16]} Rxf7 {[%emt 0:00:25]} 16. Bxe5 {[%emt 0:01:33]} Bxe5 {[%emt 0:00:50]} 17. Be2 {[%emt 0:03:34]} Qd6 {[%emt 0:02:54]} 18. Ne4 {[%emt 0:04:55]} Qb8 {[%emt 0:05:49]} 19. Qb3 {[%emt 0:08:41]} Nd7 {[%emt 0:04:40]} 20. O-O-O {[%emt 0:05:33]} b6 {[%emt 0:04:51]} 21. Bg4 {[%emt 0:03:08]} Qc7 {[%emt 0:05:45]} 22. Be6 {[%emt 0:01:24]} Bf4+ {[%emt 0:02:08]} 23. Kb1 {[%emt 0:00:25]} Qe5 {[%emt 0:02:34]} 24. Rde1 {[%emt 0:01:46]} Nf6 {[%emt 0:06:03]} 25. Nxc5 {[%emt 0:03:09]} Qg5 {[%emt 0:03:02]} 26. Bxf7+ {[%emt 0:00:50]} Kxf7 {[%emt 0:00:12]} 27. Ne6 {[%emt 0:00:13]} Qf5+ {[%emt 0:01:06]} 28. Ka1 {[%emt 0:00:21]} Re8 {[%emt 0:09:40]} 29. g4 {[%emt 0:01:01]} 1-0

[Event "FRA-ch Youth U12 2018"]
[Site "Agen"]
[Date "2018.04.16"]
[Round "2"]
[White "Swingedouw, Assia"]
[Black "Cornileau, Juliette"]
[Result "0-1"]
[WhiteElo "1230"]
[BlackElo "1654"]
[Annotator "NA"]
[PlyCount "58"]
[EventDate "2018.??.??"]
[EventType "swiss"]
[EventCountry "FRA"]
[SourceTitle "playchess.com"]
[Source "ChessBase"]
[SourceQuality "1"]
[TimeControl "5400+30"]

1. e4 {[%emt 0:00:00]} c5 {[%emt 0:00:04]} 2. Bc4 {[%emt 0:00:00]} e6 {[%emt 0:00:11]} 3. Nf3 {[%emt 0:00:21]} Nf6 {[%emt 0:00:32]} 4. d4 {[%emt 0:00:25]} Nxe4 {[%emt 0:00:49]} 5. O-O {[%emt 0:01:12]} d5 {[%emt 0:02:17]} 6. Qe2 {[%emt 0:00:31]} Nf6 {[%emt 0:05:14]} 7. Bb5+ {[%emt 0:02:45]} Bd7 {[%emt 0:03:48]} 8. Be3 {[%emt 0:03:27]} a6 {[%emt 0:01:01]} 9. Bxd7+ {[%emt 0:02:31]} Nbxd7 {[%emt 0:00:50]} 10. c3 {[%emt 0:03:45]} Bd6 {[%emt 0:04:43]} 11. b4 {[%emt 0:03:35]} cxb4 {[%emt 0:03:23]} 12. c4 {[%emt 0:03:47]} dxc4 {[%emt 0:01:55]} 13. Qxc4 {[%emt 0:00:23]} Rc8 {[%emt 0:01:10]} 14. Qd3 {[%emt 0:01:08]} O-O {[%emt 0:01:34]} 15. Rc1 {[%emt 0:01:18]} Rxc1+ {[%emt 0:11:01]} 16. Bxc1 {[%emt 0:00:06]} Nc5 {[%emt 0:01:13]} 17. dxc5 {[%emt 0:04:06]} Bxh2+ {[%emt 0:00:15]} 18. Nxh2 {[%emt 0:00:50]} Qxd3 {[%emt 0:00:07]} 19. Nd2 {[%emt 0:00:49]} Ne4 {[%emt 0:03:11]} 20. Nhf1 {[%emt 0:03:36]} Qd4 {[%emt 0:01:02]} 21. Rb1 {[%emt 0:03:28]} Qxf2+ {[%emt 0:00:57]} 22. Kh2 {[%emt 0:00:33]} Nxc5 {[%emt 0:03:37]} 23. Rxb4 {[%emt 0:04:01]} Nd3 {[%emt 0:00:29]} 24. Rxb7 {[%emt 0:02:19]} Nf4 25. Ne3 {[%emt 0:02:29]} Qxe3 {[%emt 0:03:36]} 26. Nc4 {[%emt 0:01:29]} Qxc1 {[%emt 0:00:48]} 27. Rc7 {[%emt 0:01:20]} Qc2 {[%emt 0:00:56]} 28. Kg3 {[%emt 0:01:46]} Qxg2+ {[%emt 0:00:22]} 29. Kxf4 {[%emt 0:00:18]} Qh2+ {[%emt 0:00:11]} 0-1

[Event "FRA-ch Youth U12 2018"]
[Site "Agen"]
[Date "2018.04.16"]
[Round "2"]
[White "Forges-Boulanger, Julie"]
[Black "Chachiachvili, Salome"]
[Result "1/2-1/2"]
[WhiteElo "1227"]
[BlackElo "1530"]
[Annotator "NA RC"]
[PlyCount "71"]
[EventDate "2018.??.??"]
[EventType "swiss"]
[EventCountry "FRA"]
[SourceTitle "playchess.com"]
[Source "ChessBase"]
[SourceQuality "1"]
[TimeControl "5400+30"]

1. d4 {[%emt 0:00:00]} d5 {[%emt 0:00:15]} 2. Bf4 {[%emt 0:00:05]} Nf6 {[%emt 0:00:40]} 3. Nf3 {[%emt 0:00:25]} Bf5 {[%emt 0:02:27]} 4. e3 {[%emt 0:00:37]} a6 {[%emt 0:02:22]} 5. Bd3 {[%emt 0:01:14]} Bg6 {[%emt 0:05:23]} 6. O-O {[%emt 0:01:21]} e6 {[%emt 0:00:19]} 7. c3 {[%emt 0:10:18]} Bh5 {[%emt 0:01:28]} 8. Nbd2 {[%emt 0:01:51]} Bd6 {[%emt 0:00:20]} 9. Bxd6 {[%emt 0:04:14]} Qxd6 {[%emt 0:00:58]} 10. Qc2 {[%emt 0:05:37]} Nbd7 {[%emt 0:03:28]} 11. e4 {[%emt 0:03:41]} dxe4 {[%emt 0:03:35]} 12. Bxe4 {[%emt 0:00:51]} Nxe4 {[%emt 0:00:22]} 13. Qxe4 {[%emt 0:00:59]} Bg6 {[%emt 0:12:16]} 14. Qxb7 {[%emt 0:18:40]} Rb8 {[%emt 0:00:30]} 15. Qa7 {[%emt 0:00:30]} Bd3 {[%emt 0:13:36]} 16. Rfd1 {[%emt 0:28:56]} O-O {[%emt 0:00:30]} 17. d5 {[%emt 0:00:30]} Nb6 {[%emt 0:00:30]} 18. c4 {[%emt 0:12:12]} exd5 {[%emt 0:15:16]} 19. cxd5 {[%emt 0:02:00]} Nxd5 {[%emt 0:01:08]} 20. Qd4 {[%emt 0:00:53]} Be2 {[%emt 0:11:04]} 21. Ne4 {[%emt 0:02:35]} Qe7 {[%emt 0:13:32]} 22. Rd2 {[%emt 0:01:22]} Bxf3 {[%emt 0:00:47]} 23. gxf3 {[%emt 0:00:13]} Nb6 {[%emt 0:02:41]} 24. Rad1 {[%emt 0:00:48]} h6 {[%emt 0:03:04]} 25. Qc5 {[%emt 0:00:56]} Qe6 {[%emt 0:03:10]} 26. b3 {[%emt 0:00:39]} Rbc8 {[%emt 0:01:01]} 27. Kg2 {[%emt 0:00:45]} Qg6+ {[%emt 0:00:19]} 28. Kh3 {[%emt 0:00:33]} f5 {[%emt 0:01:11]} 29. Ng3 {[%emt 0:00:42]} Qe6 {[%emt 0:01:07]} 30. Kg2 {[%emt 0:00:36]} f4 {[%emt 0:00:27]} 31. Ne2 {[%emt 0:00:21]} Qg6+ {[%emt 0:00:35]} 32. Kf1 {[%emt 0:00:16]} Qe6 {[%emt 0:00:30]} 33. Kg1 Qg6+ 34. Kh1 {[%emt 0:01:11]} h5 {[%emt 0:00:42]} 35. Rg1 {[%emt 0:00:26]} Qf7 {[%emt 0:00:36]} 36. Rd4 {[%emt 0:00:39]} 1/2-1/2